Resources of Pacific Northwest libraries, a survey of facilities for study and research /

Bibliographic Details
Main Author: Van Male, John
Corporate Author: Pacific Northwest Library Association
Format: Book
Language:English
Published: Seattle : Pacific Northwest library association, 1943.
Subjects:

MARC

Tag First Indicator Second Indicator Subfields
LEADER 00000cam a2200000 4500
001 in00000108024
005 20150929094015.0
008 751203s1943 wau 00010 eng
010 |a  43014518  
035 |a (OCoLC)01871216 
035 |9 AAM9351AM 
040 |a DLC  |c FQG  |d TXA  |d UtOrBLW 
049 |a TXAM  |c [131309] 
050 0 0 |a Z731  |b .V3 
082 0 |a 027.0795 
092 |a 027.0795  |b V262r 
100 1 |a Van Male, John. 
245 1 0 |a Resources of Pacific Northwest libraries, a survey of facilities for study and research /  |c by John Van Male... 
264 1 |a Seattle :  |b Pacific Northwest library association,  |c 1943. 
300 |a 2 pages ., vii-xv, 404 pages, 1 . ;  |c 24 cm. 
336 |a text  |b txt  |2 rdacontent 
337 |a unmediated  |b n  |2 rdamedia 
338 |a volume  |b nc  |2 rdacarrier 
650 0 |a Libraries  |z Northwest, Pacific. 
710 2 |a Pacific Northwest Library Association. 
999 |a MARS 
999 f f |s 19d936b1-2b8a-3d9e-91f9-7c6c1bdb8b70  |i 7c79aa58-03da-37b0-9a8f-87894cfb956a  |t 0 
952 f f |p ric  |a Texas A&M University  |b Rellis Campus  |c Joint Library Facility  |d Remote Storage  |t 0  |e Z731 V3  |h Library of Congress classification  |i unmediated -- volume  |m A14826538507 
998 f f |a Z731 V3  |t 0  |l Remote Storage